| 000 | 00731nam a2200229 i 4500 | ||
|---|---|---|---|
| 001 | 131440 | ||
| 003 | ES-MaACL | ||
| 005 | 20250819063059.0 | ||
| 007 | t| | ||
| 008 | 070214s1980 sp |||| | spa d | ||
| 100 | 1 |
_aRodríguez Adrados, Francisco, _d1922-2020 _998318 |
|
| 245 | 1 | 3 |
_aLa democracia ateniense / _cFrancisco Rodríguez Adrados ; adaptado por Manuel Gonzalo. |
| 250 | _a2ª ed. | ||
| 260 |
_aMadrid : _bAlianza, _c1980. |
||
| 300 |
_a467 p. ; _c20 cm. |
||
| 490 | 1 |
_aAlianza universidad ; _v107 |
|
| 650 | 4 |
_aDemocracia- _zAtenas- _vHistoria. _9165062 |
|
| 700 | 1 |
_aGonzalo, Manuel. _959056 |
|
| 830 | 0 |
_aAlianza universidad ; _v107 _9177276 |
|
| 852 |
_aES-MaACL _jL-2315 |
||
| 999 |
_c131440 _d131440 |
||